[Event "Frankfurt-chA"]
[Site "Frankfurt"]
[Date "2019.05.20"]
[Round "4"]
[White "Thomas, Norbert"]
[Black "Keller, Peter1111"]
[Result "0-1"]
[WhiteElo "1923"]
[BlackElo "2201"]
[PlyCount "66"]
[EventDate "2019.04.29"]
[EventType "swiss"]
[EventRounds "7"]
[EventCountry "GER"]
[SourceTitle "EXT 2020"]
[Source "ChessBase"]
[SourceDate "2019.10.17"]
[SourceVersion "1"]
[SourceVersionDate "2019.10.17"]
[SourceQuality "1"]

1. c4 f5 2. d4 Nf6 3. Nc3 e6 4. Nf3 Bb4 5. Bd2 0-0 6. e3 b6 7. Bd3 Bb7 8. 0-0 Bxc3 9. Bxc3 Ne4 10. Be1 d6 11. Kh1 Nd7 12. Qe2 Qf6 13. Ng1 Qg6 14. f3 Nef6 15. Nh3 Rae8 16. Bc3 e5 17. d5 Rf7 18. Bc2 Bc8 19. b4 Nf8 20. a4 Qh6 21. Nf2 f4 22. Ne4 Nh5 23. Kg1 Bf5 24. g4 fxg3 25. Nxg3 Bxc2 26. Nxh5 Qg6+ 27. Qg2 Bd3 28. Qxg6 hxg6 29. Rfd1 Bxc4 30. Ng3 Rxf3 31. Rac1 Rxe3 32. Re1 Rxe1+ 33. Bxe1 Bxd5 0-1

[Event "Frankfurt-chA"]
[Site "Frankfurt"]
[Date "2018.05.14"]
[Round "3"]
[White "Thomas, Norbert"]
[Black "Neininger, Ralph"]
[Result "0-1"]
[WhiteElo "1915"]
[BlackElo "2123"]
[PlyCount "49"]
[EventDate "2018.04.30"]
[EventType "swiss"]
[EventRounds "7"]
[EventCountry "GER"]
[SourceTitle "EXT 2019"]
[Source "ChessBase"]
[SourceDate "2018.10.10"]
[SourceVersion "1"]
[SourceVersionDate "2018.10.10"]
[SourceQuality "1"]

1. d4 d5 2. c4 dxc4 3. Nf3 Nf6 4. g3 b5 5. Bg2 Bb7 6. 0-0 e6 7. b3 cxb3 8. Qxb3 a6 9. Nc3 Be7 10. Re1 0-0 11. e4 Nc6 12. e5 Na5 13. Qc2 Nd7 14. Ne4 h6 15. h4 Nc4 16. g4 f5 17. exf6 Nxf6 18. Nxf6+ Bxf6 19. g5 Bxf3 20. Bxf3 Bxd4 21. Bxa8 Qxa8 22. Be3 Nxe3 23. fxe3 Bxa1 24. Rxa1 Qf3 25. Re1 0-1

[Event "Hofheim Spring op-A 4th"]
[Site "Hofheim"]
[Date "2016.03.31"]
[Round "4"]
[White "Thomas, Norbert"]
[Black "Junker, Christian"]
[Result "1/2-1/2"]
[WhiteElo "2086"]
[BlackElo "2018"]
[PlyCount "52"]
[EventDate "2016.03.29"]
[EventType "swiss"]
[EventRounds "9"]
[EventCountry "GER"]
[SourceTitle "CBM 171 Extra"]
[Source "ChessBase"]
[SourceDate "2016.04.26"]
[SourceVersion "1"]
[SourceVersionDate "2016.04.26"]
[SourceQuality "1"]

1. d4 f5 2. Bf4 Nf6 3. e3 e6 4. c4 d5 5. Nc3 c6 6. Bd3 Be7 7. Nf3 0-0 8. Qc2 g6 9. h3 b6 10. Ne5 Ne4 11. 0-0-0 Bb7 12. g4 Bh4 13. Rhf1 Nd7 14. f3 Nxe5 15. dxe5 Nxc3 16. Qxc3 Bg5 17. Bxg5 Qxg5 18. f4 Qe7 19. gxf5 gxf5 20. Rg1+ Kh8 21. Rg5 h6 22. Rg6 Kh7 23. Rg3 Rg8 24. Rdg1 Rxg3 25. Rxg3 Rg8 26. Rxg8 Kxg8 1/2-1/2

[Event "Hessenliga 0405"]
[Site "Germany"]
[Date "2005.04.10"]
[Round "8.6"]
[White "Del Rio, Roland"]
[Black "Thomas, Norbert"]
[Result "1-0"]
[WhiteElo "2225"]
[BlackElo "2092"]
[PlyCount "53"]
[EventDate "2004.09.26"]
[EventType "team"]
[EventRounds "9"]
[EventCountry "GER"]
[SourceTitle "EXT 2006"]
[Source "ChessBase"]
[SourceDate "2005.11.24"]
[SourceVersion "1"]
[SourceVersionDate "2005.11.24"]
[SourceQuality "1"]
[WhiteTeam "Schoeneck II"]
[BlackTeam "Hofheim II"]
[WhiteTeamCountry "GER"]
[BlackTeamCountry "GER"]

1. e4 d5 2. exd5 Qxd5 3. Nc3 Qa5 4. d4 c6 5. Bc4 Bf5 6. Nf3 Nf6 7. 0-0 e6 8. Bd2 Qc7 9. Re1 Nbd7 10. Bg5 0-0-0 11. Qe2 Nb6 12. Bb3 Bd6 13. Ne5 Rhe8 14. Qf3 h6 15. Bxf6 gxf6 16. Nxf7 Bxh2+ 17. Kh1 Rxd4 18. Qxf5 exf5 19. Rxe8+ Kd7 20. Rd8+ Ke7 21. Rxd4 c5 22. Rh4 Bf4 23. Nxh6 c4 24. Nxf5+ Ke6 25. Nd4+ Ke5 26. Re1+ Kxd4 27. Nb5+ 1-0

[Event "Karl Mala Memorial op 07th"]
[Site "Griesheim"]
[Date "2003.07.24"]
[Round "1"]
[White "Rosenberger, Frank"]
[Black "Thomas, Norbert"]
[Result "1/2-1/2"]
[WhiteElo "2268"]
[BlackElo "2080"]
[PlyCount "125"]
[EventDate "2003.07.24"]
[EventType "swiss"]
[EventRounds "7"]
[EventCountry "GER"]
[SourceTitle "EXT 2004"]
[Source "ChessBase"]
[SourceDate "2003.11.25"]
[SourceVersion "1"]
[SourceVersionDate "2003.11.25"]
[SourceQuality "1"]

1. e4 d5 2. exd5 Qxd5 3. Nc3 Qa5 4. d4 c6 5. Bc4 Bf5 6. Nf3 e6 7. Ne5 Nf6 8. g4 Bg6 9. h4 Nbd7 10. Nxd7 Nxd7 11. h5 Be4 12. 0-0 Bd5 13. Nxd5 cxd5 14. Bd3 Bd6 15. f4 0-0-0 16. Qe2 Kb8 17. c3 h6 18. g5 Rhe8 19. Qg4 f6 20. Kh1 hxg5 21. fxg5 Qc7 22. Be3 e5 23. Bg6 Re7 24. gxf6 Nxf6 25. Qh4 exd4 26. Qxd4 b6 27. Bg5 Qd7 28. Bf5 Qb5 29. Rf2 Bc5 30. Qf4+ Kb7 31. Bxf6 gxf6 32. Rg2 Qe8 33. Qf3 Re1+ 34. Rxe1 Qxe1+ 35. Kh2 Bd6+ 36. Kh3 Qh1+ 37. Kg4 Rg8+ 38. Bg6 f5+ 39. Kg5 Be7+ 40. Kh6 Rd8 41. Bf7 Qc1+ 42. Kh7 Bf6 43. Bxd5+ Kc7 44. Kg6 Rd6 45. Kxf5 Qh6 46. Ke4 Bg5 47. Qf7+ Rd7 48. Qg6 Re7+ 49. Kd3 Re3+ 50. Kc2 Re5 51. Qxh6 Bxh6 52. Bf3 Bg5 53. Kb3 b5 54. Be2 Kb6 55. Bd3 Kc5 56. Rf2 a5 57. a4 bxa4+ 58. Kxa4 Bc1 59. Rh2 Rd5 60. Bg6 Bf4 61. Rh4 Bg5 62. Rh3 Rd6 63. Kxa5 1/2-1/2

[Event "MTS-ch"]
[Site "Goldstein"]
[Date "2002.11.23"]
[Round "5"]
[White "Thomas, Norbert"]
[Black "Kreiling, Carsten"]
[Result "1/2-1/2"]
[WhiteElo "2065"]
[BlackElo "2104"]
[PlyCount "92"]
[EventDate "2002.11.??"]
[EventType "swiss"]
[EventRounds "7"]
[EventCountry "GER"]
[SourceTitle "EXT 2005"]
[Source "ChessBase"]
[SourceDate "2004.11.15"]
[SourceVersion "1"]
[SourceVersionDate "2004.11.15"]
[SourceQuality "1"]

1. d4 c5 2. d5 e6 3. c4 exd5 4. cxd5 d6 5. Nc3 Nf6 6. e4 g6 7. f4 Bg7 8. Nf3 0-0 9. Be2 Re8 10. e5 dxe5 11. fxe5 Ng4 12. Bg5 f6 13. exf6 Bxf6 14. Qd2 Bxg5 15. Qxg5 Qxg5 16. Nxg5 Ne3 17. Kf2 Nc2 18. Rac1 Nd4 19. Rhe1 Bd7 20. Nce4 Rf8+ 21. Kg1 b6 22. Bc4 Kg7 23. Nd6 h6 24. Nge4 a5 25. Ng3 Rf6 26. Nge4 Rf8 27. Rf1 Bf5 28. Nxf5+ Nxf5 29. Bb5 Rd8 30. Nc3 Ra7 31. Rfe1 Nd4 32. Bc4 Rdd7 33. Re8 Na6 34. Rce1 Nb4 35. a3 Nbc2 36. R1e4 Rab7 37. Bd3 b5 38. Rg4 Rb6 39. h4 b4 40. axb4 axb4 41. Na4 Rf6 42. Nxc5 Rxd5 43. Ne4 Rff5 44. Ng3 Rf6 45. Ne4 Rff5 46. Nf2 Rf6 1/2-1/2

[Event "Hessenliga 0102"]
[Site "Germany"]
[Date "2001.11.04"]
[Round "3.6"]
[White "Zweschper, Erich"]
[Black "Thomas, Norbert"]
[Result "1-0"]
[WhiteElo "2130"]
[BlackElo "2063"]
[PlyCount "97"]
[EventDate "2001.10.??"]
[EventType "team"]
[EventRounds "9"]
[EventCountry "GER"]
[SourceTitle "EXT 2003"]
[Source "ChessBase"]
[SourceDate "2002.11.25"]
[SourceVersion "1"]
[SourceVersionDate "2002.11.25"]
[SourceQuality "1"]
[WhiteTeam "Eppstein"]
[BlackTeam "Hofheim II"]
[WhiteTeamCountry "GER"]
[BlackTeamCountry "GER"]

1. d4 Nf6 2. Nf3 g6 3. Bg5 Bg7 4. Nbd2 c5 5. e3 0-0 6. Bd3 Nc6 7. c3 d6 8. h3 Qc7 9. Qe2 Bd7 10. 0-0 a6 11. a4 Rfe8 12. dxc5 dxc5 13. e4 Nh5 14. Nb3 Ne5 15. Nxe5 Bxe5 16. Bc4 Bf4 17. Bxf4 Nxf4 18. Qe3 Rac8 19. e5 Ne6 20. f4 Ng7 21. Qe2 Red8 22. a5 Be6 23. Bxe6 Nxe6 24. f5 Ng7 25. f6 Ne6 26. Nd2 c4 27. Ne4 exf6 28. Nxf6+ Kg7 29. Qe4 Ng5 30. Qf4 h6 31. h4 Ne6 32. Qe4 Rd3 33. Rae1 Qc6 34. Qg4 Rcd8 35. h5 Ng5 36. hxg6 fxg6 37. e6 Qc5+ 38. Kh1 Qe7 39. Qxc4 R8d6 40. Qc8 Rd8 41. Qc4 R3d6 42. Qc5 Rf8 43. Qxd6 Qxd6 44. e7 Rxf6 45. e8N+ Kg8 46. Nxf6+ Kh8 47. Re8+ Kg7 48. Rg8+ Kf7 49. Ne8+ 1-0

[Event "Hessenliga 0001"]
[Site "Hessen"]
[Date "2000.09.24"]
[Round "1.5"]
[White "Thomas, Norbert"]
[Black "Bouaraba, Max"]
[Result "0-1"]
[WhiteElo "2029"]
[BlackElo "2163"]
[PlyCount "58"]
[EventDate "2000.10.??"]
[EventType "team"]
[EventRounds "9"]
[EventCountry "GER"]
[SourceTitle "EXT 2002"]
[Source "ChessBase"]
[SourceDate "2001.11.25"]
[SourceVersion "1"]
[SourceVersionDate "2001.11.25"]
[SourceQuality "1"]

1. d4 Nf6 2. Nf3 d6 3. c3 c6 4. Bg5 Ne4 5. Bh4 Qb6 6. Nbd2 Nxd2 7. Qxd2 Bf5 8. e3 f6 9. Be2 Nd7 10. 0-0 h5 11. Bg3 g5 12. h4 Bh6 13. Bd3 Bxd3 14. Qxd3 0-0-0 15. b4 e5 16. a4 Rde8 17. Nd2 gxh4 18. Bxh4 d5 19. a5 Qc7 20. c4 Qd6 21. a6 b6 22. cxd5 Qxd5 23. Rac1 exd4 24. Rc4 Rhg8 25. g3 Rg4 26. e4 Qe6 27. Nf3 Rxh4 28. Nxd4 Qh3 29. Rxc6+ Kb8 0-1